Phase Transition Dynamics

This book is an introduction to a comprehensive and unified dynamic transition theory for dissipative systems and to applications of the theory to a range of problems in the nonlinear sciences. The main objectives of this book are to introduce a general principle of dynamic transitions for dissipati...

Full description

Bibliographic Details
Main Authors: Ma, Tian (Author, http://id.loc.gov/vocabulary/relators/aut), Wang, Shouhong (http://id.loc.gov/vocabulary/relators/aut)
Corporate Author: SpringerLink (Online service)
Format: Electronic eBook
Language:English
Published: Cham : Springer International Publishing : Imprint: Springer, 2019.
Edition:2nd ed. 2019.
Subjects:
Online Access:Full Text via HEAL-Link
LEADER 04446nam a2200493 4500
001 978-3-030-29260-7
003 DE-He213
005 20191107235128.0
007 cr nn 008mamaa
008 191107s2019 gw | s |||| 0|eng d
020 |a 9783030292607  |9 978-3-030-29260-7 
024 7 |a 10.1007/978-3-030-29260-7  |2 doi 
040 |d GrThAP 
050 4 |a QA370-380 
072 7 |a PBKJ  |2 bicssc 
072 7 |a MAT007000  |2 bisacsh 
072 7 |a PBKJ  |2 thema 
082 0 4 |a 515.353  |2 23 
100 1 |a Ma, Tian.  |e author.  |4 aut  |4 http://id.loc.gov/vocabulary/relators/aut 
245 1 0 |a Phase Transition Dynamics  |h [electronic resource] /  |c by Tian Ma, Shouhong Wang. 
250 |a 2nd ed. 2019. 
264 1 |a Cham :  |b Springer International Publishing :  |b Imprint: Springer,  |c 2019. 
300 |a XXXI, 757 p. 196 illus., 10 illus. in color.  |b online resource. 
336 |a text  |b txt  |2 rdacontent 
337 |a computer  |b c  |2 rdamedia 
338 |a online resource  |b cr  |2 rdacarrier 
347 |a text file  |b PDF  |2 rda 
505 0 |a Introduction to Dynamic Transitions -- Dynamic Transition Theory -- Equilibrium Phase Transitions in Statistical Physics -- Fluid Dynamics -- Geophysical Fluid Dynamics and Climate Dynamics -- Dynamical Transitions in Chemistry and Biology -- Fundamental Principles of Statistical and Quantum Physics -- Quantum Mechanism of Condensates and High Tc Superconductivity -- Topological Phase Transitions. . 
520 |a This book is an introduction to a comprehensive and unified dynamic transition theory for dissipative systems and to applications of the theory to a range of problems in the nonlinear sciences. The main objectives of this book are to introduce a general principle of dynamic transitions for dissipative systems, to establish a systematic dynamic transition theory, and to explore the physical implications of applications of the theory to a range of problems in the nonlinear sciences. The basic philosophy of the theory is to search for a complete set of transition states, and the general principle states that dynamic transitions of all dissipative systems can be classified into three categories: continuous, catastrophic and random. The audience for this book includes advanced graduate students and researchers in mathematics and physics as well as in other related fields. This second edition introduces a unified theory for topological phase transitions, provides a first-principle approach to statistical and quantum physics, and offers a microscopic mechanism of quantum condensates (Bose-Einstein condensation, superfluidity, and superconductivity). Reviews of first edition: "The goals of this interesting book are to derive a general principle of dynamic transitions for dissipative systems and to establish a systematic dynamic transition theory for a wide range of problems in the nonlinear sciences. ... The intended audience for this book includes students and researchers working on nonlinear problems in physics, meteorology, oceanography, biology, chemistry, and the social sciences." (Carlo Bianca, Mathematical Reviews, December, 2014) "This is a clearly written book on numerous types of phase transitions taken in a broad sense when a dynamical dissipative system transforms from one physical state into another. ... The book is a very useful literature not only for the professionals in the field of dynamic systems and phase transitions but also for graduate students due to its interdisciplinary coverage and state-of-the-art level." (Vladimir Čadež, zbMATH, Vol. 1285, 2014). 
650 0 |a Partial differential equations. 
650 0 |a Fluids. 
650 0 |a System theory. 
650 1 4 |a Partial Differential Equations.  |0 http://scigraph.springernature.com/things/product-market-codes/M12155 
650 2 4 |a Fluid- and Aerodynamics.  |0 http://scigraph.springernature.com/things/product-market-codes/P21026 
650 2 4 |a Complex Systems.  |0 http://scigraph.springernature.com/things/product-market-codes/M13090 
700 1 |a Wang, Shouhong.  |e author.  |4 aut  |4 http://id.loc.gov/vocabulary/relators/aut 
710 2 |a SpringerLink (Online service) 
773 0 |t Springer eBooks 
776 0 8 |i Printed edition:  |z 9783030292591 
776 0 8 |i Printed edition:  |z 9783030292614 
776 0 8 |i Printed edition:  |z 9783030292621 
856 4 0 |u https://doi.org/10.1007/978-3-030-29260-7  |z Full Text via HEAL-Link 
912 |a ZDB-2-SMA 
950 |a Mathematics and Statistics (Springer-11649)